000 00922cad a22002175a 4500
001 L151373
008 101028s2005 xxk f 000 0 eng d
035 _a(Sirsi) u151373
041 0 _aeng
050 0 4 _a346.41043 $2 18
110 2 _aLand Registry
_95885
245 0 0 _aFree land and property advertisements about claiming land in England and Wales
_h[electronic resource]
260 _aLondon
_bLand Registry
_c2010
490 0 _aLand Registry Public Guides
_v16
520 _aOutlines Land Registry's response to frequently asked questions about advertisements claiming free land.
590 _aKA
651 4 _aEngland and Wales
_y1543-
690 _aPROPERTY-PROPERTY ACQUISITION AND DISPOSAL-REGISTRATION OF TITLE TO PROPERTY-LAND REGULATION
856 4 0 _uhttps://www1.landregistry.gov.uk/assets/library/documents/public_guide_016.pdf
_zView this item free of charge at www1.landregistry.gov.uk
942 _n0
999 _c111321
_d111321